Sürdürülebilir bir gelecek inşa etmek : (Record no. 200468337)

MARC details
000 -LEADER
fixed length control field 01134cam a2200337 i 4500
001 - CONTROL NUMBER
control field 200468337
003 - CONTROL NUMBER IDENTIFIER
control field TR-AnTOB
005 - DATE AND TIME OF LATEST TRANSACTION
control field 20260427153800.0
007 - PHYSICAL DESCRIPTION FIXED FIELD--GENERAL INFORMATION
fixed length control field ta
008 - FIXED-LENGTH DATA ELEMENTS--GENERAL INFORMATION
fixed length control field 260427s2026 tu f s000 0 tur d
020 ## - INTERNATIONAL STANDARD BOOK NUMBER
International Standard Book Number 9786259315911
040 ## - CATALOGING SOURCE
Original cataloging agency TR-AnU
Language of cataloging eng
Description conventions rda
Transcribing agency TR-AnTOB
041 0# - LANGUAGE CODE
Language code of text/sound track or separate title Türkçe
050 14 - LIBRARY OF CONGRESS CALL NUMBER
Classification number QC903
Item number .U9 2026
090 ## - LOCALLY ASSIGNED LC-TYPE CALL NUMBER (OCLC); LOCAL CALL NUMBER (RLIN)
Classification number (OCLC) (R) ; Classification number, CALL (RLIN) (NR) QC903
Local cutter number (OCLC) ; Book number/undivided call number, CALL (RLIN) .U9 2026
100 1# - MAIN ENTRY--PERSONAL NAME
Personal name Uz, Ceren
Relator term author
9 (RLIN) 153959
245 10 - TITLE STATEMENT
Title Sürdürülebilir bir gelecek inşa etmek :
Remainder of title sosyal ortakların adil geçiş ve iklim iklimlendirme perspektifleri /
Statement of responsibility, etc. Ceren Uz.
264 #1 - PRODUCTION, PUBLICATION, DISTRIBUTION, MANUFACTURE, AND COPYRIGHT NOTICE
Place of production, publication, distribution, manufacture Ankara :
Name of producer, publisher, distributor, manufacturer Türk Metal,
Date of production, publication, distribution, manufacture, or copyright notice 2026.
300 ## - PHYSICAL DESCRIPTION
Extent xiii, 105 pages :
Other physical details illustration ;
Dimensions 24 cm
336 ## - CONTENT TYPE
Content type term text
Content type code txt
Source rdacontent
337 ## - MEDIA TYPE
Media type term unmediated
Media type code n
Source rdamedia
338 ## - CARRIER TYPE
Carrier type term volume
Carrier type code nc
Source rdacarrier
490 0# - SERIES STATEMENT
Series statement Türk Metal Sendikası Araştırma ve Eğitim Merkezi yayınları ;
Volume/sequential designation 102
504 ## - BIBLIOGRAPHY, ETC. NOTE
Bibliography, etc. note Includes bibliographical references.
650 #7 - SUBJECT ADDED ENTRY--TOPICAL TERM
Topical term or geographic name entry element İklim değişiklikleri
Source of heading or term etuturkob
9 (RLIN) 24776
Topical term or geographic name entry element İklim değişiklikleri
General subdivision Sosyal yönleri
Source of heading or term etuturkob
9 (RLIN) 53426
Topical term or geographic name entry element Küresel ısınma
Source of heading or term etuturkob
9 (RLIN) 45482
942 ## - ADDED ENTRY ELEMENTS (KOHA)
Source of classification or shelving scheme Library of Congress Classification
Koha item type Book
Holdings
Withdrawn status Lost status Source of classification or shelving scheme Not for loan Collection code Home library Current library Shelving location Date acquired Source of acquisition Total Checkouts Full call number Date last seen Date shelved Koha item type Public note
    Library of Congress Classification Ödünç Verilemez-Kurumiçi kullanım / Not for loan-For inhouse use Genel Koleksiyon Merkez Kütüphane Merkez Kütüphane Genel Koleksiyon / Main Collection 27/04/2026 Bağış / Donation   QC903 .U9 2026 27/04/2026 27/04/2026 Book Donated by Türk Metal Sendikası.
Devinim Yazılım Eğitim Danışmanlık tarafından Koha'nın orjinal sürümü uyarlanarak geliştirilip kurulmuştur.